Butlletí Oficial. Diari de sessions [Recurs electrònic] / Parlament de Catalunya
MARC
| LEADER | 00000nam a2200000Ia 4500 | ||
|---|---|---|---|
| 001 | 18229, 18230, 18231, 18232, 18233, 18234, 18235, 18236 | ||
| 008 | 160829s1996 - xx 000 0 cat d | ||
| 080 | |a CD-1-1, CD-1-2, CD-1-3, CD-1-4, CD-1-5, CD-1-6, CD-1-7, CD-1-50 | ||
| 110 | 1 | |a Catalunya. |b Parlament |9 11492 | |
| 245 | |a Butlletí Oficial. Diari de sessions [Recurs electrònic] / Parlament de Catalunya | ||
| 250 | |a Ed. no venal | ||
| 260 | |a Barcelona : |b Parlament de Catalunya, |c 1996 - | ||
| 300 | |a 1 disc òptic (CD-ROM) ; |c 12 cm | ||
| 590 | |a Contenen la col·lecció anual completa de les publicacions oficials del Parlament de Catalunya (Butlletí Oficial i Diari de Sessions) en .pdf | ||
| 610 | 1 | 0 | |a Catalunya. |b Parlament |9 11492 |
| 650 | |a Legislació |x Catalunya |x Revistes |9 39673 | ||
| 866 | |a V legislatura (1995-1996, 1997, 1998, 1999), VI legislatura (1999-2000, 2001, 2002, 2003) | ||
| 901 | |a Arxiu | ||
| 942 | |n 1 | ||
| 952 | |0 0 |1 0 |4 0 |6 CD11_CD12_CD13_CD14_CD15_CD16_CD17_CD150 |7 1 |9 49151 |a Arxiu |b Arxiu |d 2016-12-01 |l 0 |o CD-1-1, CD-1-2, CD-1-3, CD-1-4, CD-1-5, CD-1-6, CD-1-7, CD-1-50 |p 18229, 18230, 18231, |r 2016-12-01 00:00:00 |w 2016-12-01 |y ARXIU | ||
| 999 | |c 52990 |d 52990 | ||